Państwa przyjmujące najwięcej uchodźców z danych państw - Statystyki

Ogólne statystyki
  • Ten quiz został rozwiązany 10 929 razy
  • Średni wynik to 13 z 22
Statystyki odpowiedzi
# Główne źródło uchodźców Państwo % Poprawnych
1,190,000 Chiny Stany Zjednoczone
87%
364,000 Wenezuela Brazylia
80%
1,460,000 Syria Niemcy
80%
3,910,000 Syria Turcja
78%
510,000 Afganistan Francja
77%
1,780,000 Wenezuela Kolumbia
75%
979,000 Afganistan Iran
73%
1,070,000 Sudan Południowy Sudan
71%
325,000 Syria Egipt
69%
1,430,000 Afganistan Pakistan
65%
527,000 Rwanda Demokratyczna Republika Konga
58%
735,000 Sudan Południowy Etiopia
57%
868,000 Wenezuela Peru
56%
490,000 Somalia Kenia
51%
463,000 Wenezuela Chile
48%
504,000 Wenezuela Ekwador
48%
446,000 Sudan Czad
46%
928,000 Syria Liban
43%
745,000 Syria Jordania
42%
855,000 Mjanma Bangladesz
40%
1,380,000 Sudan Południowy Uganda
34%
416,000 Republika Środkowoafrykańska Kamerun
27%
Nie znaleziono quizów pasujących do podanych kryteriów
Rozkład punktacji
Procent ludzi z każdym wynikiem
Percentyl według liczby udzielonych odpowiedzi
Twoja historia wyników
Nie rozwiązałeś tego quizu